000
00260nam a22001097a 4500
082
_a
621.3192 KUH
100
_a
KUH,ERNEST.S, ROHRER.R.A
_9
66305
245
_a
THEORY OF LINEAR ACTIVE NETWORKS
260
_a
LONDON
_b
HOLDEN
_c
1967
300
_a
650P
942
_c
BK
999
_c
574286
_d
574286